[Event "V Open A"]
[Site "Genova ITA"]
[Date "2001.08.07"]
[Round "3"]
[White "De Santis, Alessio"]
[Black "Peric, Slavisa"]
[Result "1-0"]
[WhiteElo "2353"]
[BlackElo "2281"]
[PlyCount "113"]
[EventDate "2001.08.05"]

1. d4 d5 2. c4 Nc6 3. cxd5 Qxd5 4. e3 e5 5. Nc3 Bb4 6. Bd2 Qd8 7. d5 Bxc3 8.
Bxc3 Nce7 9. e4 f6 10. Qb3 Nh6 11. Rd1 a6 12. Nf3 Nf7 13. Nd2 Nd6 14. f3 O-O
15. Nc4 Kh8 16. Nxd6 cxd6 17. Be2 f5 18. O-O Ng6 19. g3 b5 20. Bd2 fxe4 21.
fxe4 Bh3 22. Rxf8+ Nxf8 23. g4 Qh4 24. Be1 Qh6 25. Rd3 Bxg4 26. Bxg4 Qg6 27.
Qd1 Qxe4 28. Qe2 Qc4 29. b3 Qc1 30. Rd1 Qg5 31. Bd2 Qh4 32. Rf1 h6 33. Rf7 Nh7
34. Be1 Qg5 35. Kh1 Nf6 36. Be6 Qf4 37. Bg3 Qc1+ 38. Kg2 Qg5 39. Kh1 Qg6 40.
Qf2 Qb1+ 41. Kg2 Qe4+ 42. Kg1 Nh7 43. h4 Qg6 44. Kh2 h5 45. Rf5 Nf6 46. Rg5 Qd3
47. Bf5 Qxd5 48. Qe2 Rd8 49. Rxh5+ Nxh5 50. Qxh5+ Kg8 51. Bf4 Qf7 52. Qg4 Kf8
53. Bg3 Rb8 54. h5 a5 55. Be6 Qf6 56. Bd5 a4 57. b4 1-0

[Event "V Open A"]
[Site "Genova ITA"]
[Date "2001.08.07"]
[Round "3"]
[White "Dervishi, Erald"]
[Black "Lanzani, Mario"]
[Result "1-0"]
[WhiteElo "2491"]
[BlackElo "2380"]
[PlyCount "93"]
[EventDate "2001.08.05"]

1. e4 e5 2. Nf3 Nc6 3. Bb5 a6 4. Ba4 Nf6 5. O-O Be7 6. Re1 b5 7. Bb3 d6 8. c3
O-O 9. h3 Qd7 10. d4 Re8 11. Nbd2 Bf8 12. Bc2 Bb7 13. d5 Na7 14. b3 c6 15. c4
Nc8 16. a4 b4 17. dxc6 Bxc6 18. Nf1 Qb7 19. Ng3 h6 20. Nh2 Nb6 21. Ng4 Nbd7 22.
Qf3 Nxg4 23. hxg4 g6 24. Be3 Nc5 25. Rad1 Rad8 26. Rd2 Rd7 27. Qd1 Kg7 28. Qc1
Be7 29. Rdd1 Rh8 30. Qa1 Kh7 31. Bxc5 dxc5 32. Qxe5 Rhd8 33. Rxd7 Rxd7 34. Nh5
gxh5 35. Qf5+ Kg8 36. e5 Bh4 37. e6 fxe6 38. Rxe6 Rg7 39. Rxh6 Bg5 40. Qe6+ Qf7
41. Qxf7+ Kxf7 42. Rxc6 hxg4 43. g3 Be7 44. Rxa6 Rg5 45. Be4 Re5 46. Bd5+ Ke8
47. Re6 1-0

[Event "V Open A"]
[Site "Genova ITA"]
[Date "2001.08.07"]
[Round "3"]
[White "Di Paolo, Raffaele"]
[Black "Nelli, Luca"]
[Result "1-0"]
[WhiteElo "2312"]
[BlackElo "2207"]
[PlyCount "89"]
[EventDate "2001.08.05"]

1. e4 e5 2. Nf3 f5 3. Nxe5 Qf6 4. d4 d6 5. Nc4 fxe4 6. Nc3 Qg6 7. Bf4 Nf6 8.
Ne3 Be7 9. Bc4 a6 10. a4 c6 11. O-O d5 12. Bb3 Be6 13. Ne2 O-O 14. Bg3 Qh6 15.
Nf4 Bc8 16. c4 dxc4 17. Nxc4 Kh8 18. Ne5 g5 19. Ne2 Nd5 20. Nc3 Be6 21. Nxe4
Nd7 22. Nxd7 Bxd7 23. Be5+ Kg8 24. Nc5 Bxc5 25. Bxd5+ cxd5 26. dxc5 Bc6 27. Ra3
Rae8 28. Re3 Re6 29. Qg4 Qg6 30. h4 h5 31. Qxg5 Qxg5 32. hxg5 Kf7 33. f4 Kg6
34. Rd1 Rd8 35. Rd4 Rd7 36. Rh3 Rh7 37. Kf2 Kf5 38. Rh4 Ree7 39. Kf3 Kg6 40. b4
Bxa4 41. Bf6 Re6 42. Kf2 Bc6 43. g4 Rxf6 44. gxf6 hxg4 45. f5+ 1-0

[Event "V Open A"]
[Site "Genova ITA"]
[Date "2001.08.07"]
[Round "3"]
[White "Molinari, Mario"]
[Black "Faccia, Sergio"]
[Result "1-0"]
[WhiteElo "2180"]
[BlackElo "2018"]
[PlyCount "37"]
[EventDate "2001.08.05"]

1. d4 Nf6 2. c4 c5 3. d5 b5 4. cxb5 a6 5. bxa6 Bxa6 6. Nc3 g6 7. f4 d6 8. Nf3
Bg7 9. e4 Bxf1 10. Rxf1 O-O 11. Kf2 Ng4+ 12. Kg1 Qb6 13. Qe2 Qa6 14. Nb5 Nd7
15. a4 Nb6 16. Qc2 Rfc8 17. h3 Nf6 18. Ra2 Nxa4 19. Nc3 1-0

[Event "V Open A"]
[Site "Genova ITA"]
[Date "2001.08.07"]
[Round "3"]
[White "Mollero, Michele"]
[Black "Isonzo, David"]
[Result "0-1"]
[WhiteElo "2130"]
[BlackElo "2315"]
[PlyCount "98"]
[EventDate "2001.08.05"]

1. d4 Nf6 2. c4 e6 3. Nf3 d5 4. Nc3 Bb4 5. Qa4+ Nc6 6. Bg5 Bd7 7. Qb3 h6 8.
Bxf6 Qxf6 9. e3 dxc4 10. Bxc4 Qe7 11. a3 Na5 12. Qxb4 Qxb4 13. axb4 Nxc4 14. b3
Nd6 15. Ne5 Bb5 16. f3 Ke7 17. Kf2 Rhd8 18. e4 a6 19. Rhd1 Be8 20. d5 Nb5 21.
Nxb5 Bxb5 22. dxe6 Kxe6 23. Nc4 Rxd1 24. Rxd1 Bxc4 25. bxc4 a5 26. bxa5 Rxa5
27. Ke3 Ra2 28. Rg1 Kd6 29. Kd4 f6 30. f4 Ra3 31. e5+ fxe5+ 32. fxe5+ Ke6 33.
h4 Rg3 34. h5 b6 35. Ra1 Rg4+ 36. Kd3 Kxe5 37. Re1+ Kd6 38. Re8 Rxg2 39. Rd8+
Kc6 40. Rf8 Rg3+ 41. Kd4 Rg4+ 42. Kc3 Rg5 43. Rf7 Rxh5 44. Rxg7 Rh3+ 45. Kb4 h5
46. Rg6+ Kb7 47. c5 Rh4+ 48. Kb5 c6+ 49. Rxc6 Rb4+ 0-1

[Event "V Open A"]
[Site "Genova ITA"]
[Date "2001.08.07"]
[Round "3"]
[White "Pernigotti, Carlo"]
[Black "Astengo, Marcello"]
[Result "1-0"]
[WhiteElo "2156"]
[BlackElo "2005"]
[PlyCount "71"]
[EventDate "2001.08.05"]

1. e4 e6 2. d4 d5 3. Nd2 Nf6 4. e5 Nfd7 5. Bd3 c5 6. c3 Nc6 7. Ne2 Qb6 8. Nf3
cxd4 9. cxd4 f6 10. exf6 Nxf6 11. O-O Bd6 12. Bd2 O-O 13. Bc3 Bd7 14. Ng3 Rae8
15. Ne5 g6 16. Kh1 Nb4 17. Bb1 Bb5 18. Re1 Nc6 19. f4 Kg7 20. a3 a5 21. Bc2 Re7
22. h3 Ng8 23. Qg4 Bxe5 24. fxe5 Rf2 25. Rac1 Nh6 26. Qg5 Nf7 27. Qe3 Rxc2 28.
Rxc2 h6 29. Qf4 Ng5 30. h4 Nh7 31. Rf2 Nd8 32. Qg4 Be8 33. Bd2 g5 34. hxg5 hxg5
35. Bxg5 Nxg5 36. Qxg5+ 1-0

[Event "V Open A"]
[Site "Genova ITA"]
[Date "2001.08.07"]
[Round "3"]
[White "Scalcione, Michelangelo"]
[Black "Popchev, Milko"]
[Result "1/2-1/2"]
[WhiteElo "2249"]
[BlackElo "2447"]
[PlyCount "130"]
[EventDate "2001.08.05"]

1. Nf3 Nf6 2. c4 d6 3. d4 c6 4. Nc3 Bg4 5. e4 e6 6. Be2 Be7 7. O-O O-O 8. Be3
d5 9. e5 Nfd7 10. Nd2 Bxe2 11. Qxe2 dxc4 12. Nxc4 Nb6 13. Nxb6 axb6 14. f4 f5
15. exf6 Bxf6 16. Qc4 Kh8 17. Rad1 b5 18. Qb3 Na6 19. f5 exf5 20. Rxf5 Qe7 21.
Bf2 b4 22. Nb1 Nc7 23. a3 bxa3 24. Nxa3 Nd5 25. Nc4 Qe2 26. Rf3 Qe7 27. Re1 Qd7
28. Ne5 Bxe5 29. dxe5 Rxf3 30. Qxf3 Nc7 31. Qb3 Ne6 32. Rd1 Qf7 33. h3 h6 34.
Bg3 Re8 35. Rd6 Kg8 36. Qd1 Nf8 37. Qg4 Re6 38. Rd8 Re8 39. Rd6 Ne6 40. Qd1 Qg6
41. Kh2 Kh7 42. Qb3 Qf7 43. Qd3+ Kh8 44. Qb3 Qe7 45. Qd3 Qf7 46. Qb3 h5 47. Qd3
Kg8 48. Qc4 Re7 49. Qd3 Nf8 50. Qe2 Re6 51. Rd8 Re8 52. Rd6 Re6 53. Rd8 Qf5 54.
Qc4 b5 55. Qb4 g5 56. h4 g4 57. Qa3 Qf7 58. Qa8 Kg7 59. Qc8 Ng6 60. Rd6 Nf8 61.
Qxc6 Qe8 62. Rxe6 Qxe6 63. Qxb5 Nd7 64. b4 Nb6 65. Qe2 Qc6 1/2-1/2

[Event "V Open A"]
[Site "Genova ITA"]
[Date "2001.08.07"]
[Round "3"]
[White "Todorov, Ognjan"]
[Black "Ferretti, Folco"]
[Result "1/2-1/2"]
[WhiteElo "2349"]
[BlackElo "2274"]
[PlyCount "57"]
[EventDate "2001.08.05"]

1. d4 Nf6 2. Nf3 e6 3. g3 b5 4. Qd3 Ba6 5. e4 b4 6. Qe3 Bxf1 7. Kxf1 d5 8. e5
Nfd7 9. Qf4 c5 10. c3 Nc6 11. Kg2 g6 12. Nbd2 cxd4 13. cxd4 Bg7 14. h4 Qe7 15.
h5 h6 16. hxg6 fxg6 17. Nf1 g5 18. Qg4 Qf7 19. Ne3 O-O 20. Qh5 Qxh5 21. Rxh5
Rxf3 22. Kxf3 Nxd4+ 23. Kg2 Nxe5 24. Bd2 Nd3 25. Ng4 Nf5 26. Rd1 Rc8 27. Bxg5
Nxb2 28. Rc1 Rc4 29. Nxh6+ 1/2-1/2

[Event "V Open A"]
[Site "Genova ITA"]
[Date "2001.08.07"]
[Round "3"]
[White "Trumpf, Walter"]
[Black "Sbarra, Marco"]
[Result "0-1"]
[WhiteElo "2123"]
[BlackElo "2305"]
[PlyCount "48"]
[EventDate "2001.08.05"]

1. d4 d5 2. e4 dxe4 3. Nc3 Nf6 4. f3 exf3 5. Nxf3 Bg4 6. h3 Bxf3 7. Qxf3 c6 8.
Be3 e6 9. Bd3 Nbd7 10. O-O Qc7 11. Ne4 Be7 12. Rf2 O-O 13. c4 c5 14. Bf4 e5 15.
Bh2 cxd4 16. c5 Nxe4 17. Bxe4 Kh8 18. Rc1 Bg5 19. Rc4 Be3 20. Rb4 b6 21. Kh1
Bxf2 22. Qxf2 Qxc5 23. Rb3 Qc1+ 24. Bg1 Nc5 0-1

[Event "V Open A"]
[Site "Genova ITA"]
[Date "2001.08.07"]
[Round "3"]
[White "Wismayer, Clive R."]
[Black "Castells Briones, Miquel"]
[Result "1-0"]
[WhiteElo "2144"]
[BlackElo "2096"]
[PlyCount "59"]
[EventDate "2001.08.05"]

1. e4 e6 2. d4 d5 3. e5 c5 4. c3 Qb6 5. Nf3 Nc6 6. Be2 Nge7 7. dxc5 Qc7 8. O-O
Ng6 9. b4 Be7 10. Nd4 Ncxe5 11. f4 Nc6 12. Be3 O-O 13. Na3 Bd7 14. Bd3 e5 15.
Ndb5 Qb8 16. Bxg6 hxg6 17. fxe5 Qxe5 18. Bf4 Qe4 19. Nc7 Be6 20. Nxa8 g5 21.
Qd2 gxf4 22. Rae1 Qg6 23. Nc7 Bg5 24. Qe2 Bf5 25. Rd1 f3 26. Rxf3 Bg4 27. h3
Bxf3 28. Qxf3 Ne5 29. Qg3 Qf5 30. Rf1 1-0

[Event "V Open A"]
[Site "Genova ITA"]
[Date "2001.08.07"]
[Round "4"]
[White "Drei, Andrea"]
[Black "Ausmins, Elmar"]
[Result "0-1"]
[WhiteElo "2269"]
[BlackElo "2345"]
[PlyCount "70"]
[EventDate "2001.08.05"]

1. e4 c5 2. Nc3 Nc6 3. Bb5 Nd4 4. Bc4 e6 5. Nge2 a6 6. Nxd4 cxd4 7. Ne2 d5 8.
exd5 exd5 9. Bd3 Qg5 10. O-O Bh3 11. Ng3 Bg4 12. Be2 h5 13. d3 Qg6 14. h3 f5
15. hxg4 hxg4 16. f4 Nf6 17. Kf2 O-O-O 18. Bd2 Bc5 19. b4 Bb6 20. Rh1 Kb8 21.
b5 a5 22. Rxh8 Rxh8 23. Qe1 Bc7 24. b6 Bd6 25. Bc1 Bb4 26. Bd2 Nh5 27. Bxb4
Nxg3 28. Be7 Ne4+ 29. Kg1 g3 30. Bf3 Qh6 31. Kf1 Qxf4 32. Bd6+ Nxd6 33. Qe7 Nb5
34. Kg1 Nc3 35. Re1 Rh1+ 0-1

[Event "V Open A"]
[Site "Genova ITA"]
[Date "2001.08.07"]
[Round "4"]
[White "Goris, Antonius"]
[Black "Cehic, Goran"]
[Result "1/2-1/2"]
[WhiteElo "2089"]
[BlackElo "2144"]
[PlyCount "30"]
[EventDate "2001.08.05"]

1. e4 e6 2. d4 d5 3. e5 c5 4. c3 Nc6 5. Nf3 Qb6 6. a3 c4 7. Nbd2 f6 8. Be2 fxe5
9. Nxe5 Nxe5 10. dxe5 Bc5 11. O-O Ne7 12. b4 cxb3 13. Nxb3 O-O 14. Nxc5 Qxc5
15. Qd4 Qc7 1/2-1/2

[Event "V Open A"]
[Site "Genova ITA"]
[Date "2001.08.07"]
[Round "4"]
[White "Guido, Flavio"]
[Black "Molinari, Mario"]
[Result "1-0"]
[WhiteElo "2379"]
[BlackElo "2180"]
[PlyCount "67"]
[EventDate "2001.08.05"]

1. e4 c5 2. c3 d6 3. d4 Nf6 4. Bd3 Nc6 5. Nf3 Bg4 6. d5 Ne5 7. Nxe5 dxe5 8. Qb3
Qc7 9. Nd2 Bd7 10. a4 g6 11. Nc4 Bg7 12. O-O Nh5 13. Bg5 Bf6 14. Be3 g5 15. d6
exd6 16. Qxb7 Bd8 17. Qxa8 O-O 18. Qd5 Be7 19. Be2 Be6 20. Qd2 Nf4 21. Bxf4
gxf4 22. Rfd1 Rd8 23. Qc2 Kh8 24. f3 Rg8 25. Rd2 h5 26. Rad1 h4 27. Kh1 h3 28.
Bf1 Rg6 29. Nxd6 Bxd6 30. Rxd6 c4 31. Qf2 Kg7 32. Qh4 Qc5 33. Rd8 Rh6 34. Rg8+
1-0

[Event "V Open A"]
[Site "Genova ITA"]
[Date "2001.08.07"]
[Round "4"]
[White "Isonzo, David"]
[Black "Gosio, Denis"]
[Result "1/2-1/2"]
[WhiteElo "2315"]
[BlackElo "2151"]
[PlyCount "69"]
[EventDate "2001.08.05"]

1. e4 c5 2. Nf3 e6 3. d4 cxd4 4. Nxd4 Nf6 5. Nc3 d6 6. Bc4 Nc6 7. Bb3 Be7 8.
Be3 O-O 9. O-O a6 10. f4 Nxd4 11. Bxd4 b5 12. e5 dxe5 13. fxe5 Nd7 14. Ne4 Bb7
15. Nd6 Bxd6 16. exd6 Qg5 17. Qe2 a5 18. c3 e5 19. Be3 Qg6 20. Rad1 Be4 21. Rf2
a4 22. Bd5 Rab8 23. Bxe4 Qxe4 24. Ba7 Qxe2 25. Rxe2 Rb7 26. Bf2 Rc8 27. Rc2 f6
28. b3 axb3 29. axb3 Kf7 30. c4 bxc4 31. bxc4 Ke6 32. c5 Rc6 33. Ra1 Rb5 34.
Rac1 h5 35. h3 1/2-1/2

[Event "V Open A"]
[Site "Genova ITA"]
[Date "2001.08.07"]
[Round "4"]
[White "Lanzani, Mario"]
[Black "Scalcione, Michelangelo"]
[Result "1/2-1/2"]
[WhiteElo "2380"]
[BlackElo "2249"]
[PlyCount "21"]
[EventDate "2001.08.05"]

1. Nf3 Nf6 2. c4 g6 3. g3 Bg7 4. Bg2 O-O 5. O-O d6 6. Nc3 Nc6 7. d3 e5 8. Rb1
a5 9. a3 h6 10. b4 axb4 11. axb4 1/2-1/2

[Event "V Open A"]
[Site "Genova ITA"]
[Date "2001.08.07"]
[Round "4"]
[White "Ljubisavljevic, Zivojin Z."]
[Black "Dervishi, Erald"]
[Result "0-1"]
[WhiteElo "2249"]
[BlackElo "2491"]
[PlyCount "96"]
[EventDate "2001.08.05"]

1. e4 e5 2. Nf3 Nc6 3. Nc3 Nf6 4. d4 exd4 5. Nxd4 Bb4 6. Nxc6 bxc6 7. Bd3 O-O
8. O-O d5 9. exd5 cxd5 10. Bg5 c6 11. Qf3 Bd6 12. Bxf6 Qxf6 13. Qxf6 gxf6 14.
Ne2 Rb8 15. b3 c5 16. Rad1 Be6 17. Ng3 Rfd8 18. h3 a5 19. f4 c4 20. Be2 f5 21.
Kh2 a4 22. Rf3 Be7 23. Nh5 Kh8 24. Rc3 Rbc8 25. Re3 h6 26. g4 cxb3 27. cxb3 d4
28. Rxe6 fxe6 29. Bc4 d3 30. Kg3 d2 31. Kf3 Bb4 32. Ke3 a3 33. g5 Kh7 34. h4
Kg6 35. Ng3 hxg5 36. hxg5 Rc6 37. Ne2 Rcd6 38. Ng1 Rd4 39. Ne2 Re4+ 40. Kf3 Bc5
41. Kg2 Re3 42. Ng3 Re1 43. Be2 Rd3 44. Bh5+ Kg7 45. Nh1 Rxb3 46. Nf2 Rxd1 47.
Nxd1 Rb2 48. Be2 Rxa2 0-1

[Event "V Open A"]
[Site "Genova ITA"]
[Date "2001.08.07"]
[Round "4"]
[White "Pernigotti, Carlo"]
[Black "Peric, Slavisa"]
[Result "1/2-1/2"]
[WhiteElo "2156"]
[BlackElo "2281"]
[PlyCount "106"]
[EventDate "2001.08.05"]

1. e4 e6 2. d4 d5 3. Nd2 a6 4. Ngf3 c5 5. exd5 exd5 6. Be2 Nf6 7. O-O cxd4 8.
Re1 Be7 9. Nb3 O-O 10. Nbxd4 h6 11. c3 Qc7 12. h3 Nc6 13. Bd3 Bd6 14. Nf5 Bxf5
15. Bxf5 Bf4 16. Qa4 Bxc1 17. Raxc1 Rfe8 18. Bd3 Ne5 19. Qf4 Nxf3+ 20. Qxf3 Qb6
21. b3 Qa5 22. Bb1 b5 23. Qd3 Rac8 24. Rxe8+ Rxe8 25. Qd2 Rc8 26. Bf5 Rc6 27.
Rc2 g6 28. Bd3 Kg7 29. g3 Qc7 30. Kg2 Qe5 31. Qe3 Qxe3 32. fxe3 Kf8 33. Kf3 Nd7
34. e4 Rf6+ 35. Ke3 Re6 36. Kd4 dxe4 37. Bxe4 Nf6 38. Bf3 Rd6+ 39. Ke3 Re6+ 40.
Kf2 Nd7 41. c4 bxc4 42. Rxc4 Ne5 43. Rc8+ Re8 44. Rxe8+ Kxe8 45. Be2 a5 46. Ke3
Ke7 47. Kd4 Kd6 48. a3 f5 49. h4 g5 50. hxg5 hxg5 51. b4 axb4 52. axb4 f4 53.
gxf4 gxf4 1/2-1/2

[Event "V Open A"]
[Site "Genova ITA"]
[Date "2001.08.07"]
[Round "4"]
[White "Popchev, Milko"]
[Black "Ferretti, Folco"]
[Result "1-0"]
[WhiteElo "2447"]
[BlackElo "2274"]
[PlyCount "73"]
[EventDate "2001.08.05"]

1. d4 Nf6 2. g3 d5 3. Bg2 c6 4. c4 dxc4 5. Nf3 Bf5 6. O-O Nbd7 7. Nc3 e6 8. Nh4
Bg6 9. Nxg6 hxg6 10. e4 b5 11. d5 Qb6 12. a4 b4 13. a5 Qc7 14. dxe6 fxe6 15.
Ne2 Ne5 16. Nf4 Kf7 17. Nh3 Bc5 18. Ng5+ Ke7 19. Bf4 Nh5 20. Bxe5 Qxe5 21. Nf3
Qxb2 22. Rb1 Qf6 23. Qe2 e5 24. Qxc4 Bd6 25. Rfd1 Rac8 26. Rxb4 Rhd8 27. Rb7+
Rc7 28. a6 Rdd7 29. Rdb1 Qf7 30. Qxf7+ Kxf7 31. Bh3 Rxb7 32. axb7 Rd8 33. Bc8
Bb8 34. Ng5+ Ke7 35. Ne6 Rd2 36. Nc5 Nf6 37. Na6 1-0

[Event "V Open A"]
[Site "Genova ITA"]
[Date "2001.08.07"]
[Round "4"]
[White "Sbarra, Marco"]
[Black "Todorov, Ognjan"]
[Result "0-1"]
[WhiteElo "2305"]
[BlackElo "2349"]
[PlyCount "52"]
[EventDate "2001.08.05"]

1. d4 d5 2. c4 dxc4 3. Nf3 Nf6 4. e3 Bg4 5. Bxc4 e6 6. Qb3 Bxf3 7. gxf3 Nbd7 8.
Nc3 Nb6 9. Be2 Be7 10. Bd2 O-O 11. Na4 Nxa4 12. Qxa4 c6 13. b4 Nd5 14. Qb3 Bd6
15. a4 Qh4 16. f4 Nf6 17. Bd3 g6 18. O-O-O Nd5 19. Rhg1 Qe7 20. f5 exf5 21.
Bxf5 Bxb4 22. e4 Bxd2+ 23. Kxd2 Qf6 24. exd5 Qxf5 25. dxc6 bxc6 26. Rb1 Qxf2+
0-1

[Event "V Open A"]
[Site "Genova ITA"]
[Date "2001.08.08"]
[Round "5"]
[White "Ausmins, Elmar"]
[Black "Guido, Flavio"]
[Result "1-0"]
[WhiteElo "2345"]
[BlackElo "2379"]
[PlyCount "61"]
[EventDate "2001.08.05"]

1. d4 Nf6 2. c4 e6 3. Nf3 d5 4. Nc3 c5 5. cxd5 Nxd5 6. e4 Nxc3 7. bxc3 cxd4 8.
cxd4 Bb4+ 9. Bd2 Bxd2+ 10. Qxd2 O-O 11. Be2 Nc6 12. O-O Qd6 13. Rfd1 Rd8 14.
Qe3 Bd7 15. Rab1 b6 16. e5 Qe7 17. Ng5 Na5 18. Bd3 h6 19. Ne4 Bc6 20. Rbc1 Rac8
21. Qf4 Bd5 22. Rxc8 Rxc8 23. Qg4 Bxa2 24. d5 Kf8 25. d6 Qb7 26. Nf6 Nc4 27.
Bxc4 Bxc4 28. d7 Rd8 29. Qxc4 gxf6 30. Qb4+ Kg7 31. exf6+ 1-0

[Event "V Open A"]
[Site "Genova ITA"]
[Date "2001.08.08"]
[Round "5"]
[White "Corvi, Marco"]
[Black "Cirabisi, Federico"]
[Result "1-0"]
[WhiteElo "2318"]
[BlackElo "2121"]
[PlyCount "53"]
[EventDate "2001.08.05"]

1. e4 Nf6 2. Nc3 d5 3. e5 Ne4 4. Nce2 d4 5. c3 Nc6 6. Nf3 dxc3 7. bxc3 Bg4 8.
d4 e6 9. h3 Bxf3 10. gxf3 Ng5 11. Bg2 f5 12. f4 Nf7 13. Rb1 Qc8 14. Qb3 Nfd8
15. O-O Be7 16. d5 exd5 17. Bxd5 Rf8 18. Qa4 Bc5 19. Be3 Bb6 20. Rfd1 Qd7 21.
Bg2 Qf7 22. Bxb6 cxb6 23. Rd6 Rc8 24. Rbd1 g5 25. Nd4 gxf4 26. Nxc6 bxc6 27.
Rxc6 1-0

[Event "V Open A"]
[Site "Genova ITA"]
[Date "2001.08.08"]
[Round "5"]
[White "De Santis, Alessio"]
[Black "Todorov, Ognjan"]
[Result "0-1"]
[WhiteElo "2353"]
[BlackElo "2349"]
[PlyCount "92"]
[EventDate "2001.08.05"]

1. d4 d5 2. c4 dxc4 3. Nf3 Nf6 4. g3 e6 5. Bg2 a6 6. O-O b5 7. Ne5 c6 8. Nxc6
Qb6 9. Nxb8 Rxb8 10. e4 Bb7 11. Re1 Rd8 12. d5 Bc5 13. Qe2 O-O 14. dxe6 fxe6
15. Rf1 Rd3 16. Kh1 Nd7 17. f3 Ne5 18. Nc3 Nc6 19. f4 Nd4 20. Qg4 Rd8 21. Rb1
Qc6 22. Rg1 b4 23. e5 bxc3 24. bxc3 Nf3 25. f5 exf5 26. Qxc4+ Qd5 27. Qxd5+
Bxd5 28. Rf1 Nxe5 29. Bg5 Bxg2+ 30. Kxg2 Rf8 31. Rb7 Rxc3 32. h3 Rc2+ 33. Kh1
Rxa2 34. Bf4 Nd3 35. Rfb1 Nf2+ 36. Kg2 Nd3+ 37. Kh1 Nxf4 38. gxf4 Re8 39. Rd7
Rae2 40. h4 Re1+ 41. Rxe1 Rxe1+ 42. Kg2 g6 43. h5 a5 44. h6 Bf8 45. Ra7 Ra1 46.
Kg3 Bxh6 0-1

[Event "V Open A"]
[Site "Genova ITA"]
[Date "2001.08.08"]
[Round "5"]
[White "Dervishi, Erald"]
[Black "Popchev, Milko"]
[Result "1/2-1/2"]
[WhiteElo "2491"]
[BlackElo "2447"]
[PlyCount "24"]
[EventDate "2001.08.05"]

1. e4 d5 2. exd5 Nf6 3. d4 Nxd5 4. Nf3 Bf5 5. Bd3 Bxd3 6. Qxd3 c6 7. c4 Nf6 8.
Nc3 e6 9. Bf4 Bd6 10. Bxd6 Qxd6 11. O-O Nbd7 12. Ne4 Nxe4 1/2-1/2

[Event "V Open A"]
[Site "Genova ITA"]
[Date "2001.08.08"]
[Round "5"]
[White "Gosio, Denis"]
[Black "Lanzani, Mario"]
[Result "1/2-1/2"]
[WhiteElo "2151"]
[BlackElo "2380"]
[PlyCount "33"]
[EventDate "2001.08.05"]

1. e4 c5 2. Nf3 Nc6 3. d4 cxd4 4. Nxd4 e6 5. Nc3 Qc7 6. Be3 a6 7. Bd3 Nf6 8.
O-O Bd6 9. f4 Nxd4 10. e5 Bxe5 11. fxe5 Qxe5 12. Qd2 Nc6 13. Rae1 b5 14. Bg5
Qd4+ 15. Be3 Qe5 16. Bg5 Qd4+ 17. Be3 1/2-1/2

[Event "V Open A"]
[Site "Genova ITA"]
[Date "2001.08.08"]
[Round "5"]
[White "Isonzo, David"]
[Black "Ljubisavljevic, Zivojin Z."]
[Result "1-0"]
[WhiteElo "2315"]
[BlackElo "2249"]
[PlyCount "117"]
[EventDate "2001.08.05"]

1. e4 e6 2. d4 d5 3. Nc3 Bb4 4. e5 c5 5. a3 Bxc3+ 6. bxc3 Qc7 7. Nf3 h6 8. a4
Ne7 9. Bd3 b6 10. O-O Ba6 11. Bb5+ Bxb5 12. axb5 Nd7 13. Qe2 O-O 14. Ba3 Rfc8
15. Rfe1 Ng6 16. Ra2 cxd4 17. cxd4 Qc4 18. Qxc4 Rxc4 19. Bd6 Ndf8 20. g3 Nh8
21. Rea1 g5 22. h3 a5 23. bxa6 Nd7 24. Kg2 Rc6 25. Kf1 f5 26. Ke2 Nf7 27. Bb4
h5 28. Nd2 Rc7 29. Kd3 Nb8 30. c4 Nc6 31. Bc3 Rd7 32. Ke3 Nfxe5 33. cxd5 exd5
34. dxe5 d4+ 35. Bxd4 Rxd4 36. f4 Rad8 37. Nf3 Re4+ 38. Kf2 gxf4 39. a7 fxg3+
40. Kxg3 Ra8 41. Rb2 Rxa7 42. Rxa7 Nxa7 43. Rxb6 Nc8 44. Rg6+ Kh8 45. Re6 Kg7
46. Nh4 f4+ 47. Kf3 Re3+ 48. Kxf4 Rxh3 49. Nf5+ Kf8 50. Rc6 Na7 51. Rc7 Nb5 52.
Rc5 Na7 53. e6 Rh1 54. e7+ Ke8 55. Rc7 Rf1+ 56. Kg5 Rxf5+ 57. Kxf5 Nb5 58. Rc5
Nd6+ 59. Ke6 1-0

[Event "V Open A"]
[Site "Genova ITA"]
[Date "2001.08.08"]
[Round "5"]
[White "Peric, Slavisa"]
[Black "Mollero, Michele"]
[Result "1/2-1/2"]
[WhiteElo "2281"]
[BlackElo "2130"]
[PlyCount "136"]
[EventDate "2001.08.05"]

1. d4 Nf6 2. Nf3 e6 3. e3 b6 4. Bd3 Bb7 5. O-O Be7 6. c4 Ne4 7. Nfd2 Nxd2 8.
Nxd2 f5 9. e4 O-O 10. exf5 exf5 11. d5 c6 12. Be2 cxd5 13. Bf3 Qc7 14. cxd5 Bd6
15. h3 Na6 16. Nb3 Qd8 17. a3 Nc7 18. Qd4 Qf6 19. Rd1 Qxd4 20. Nxd4 Rae8 21.
Ne2 g6 22. Bh6 Rf7 23. Rac1 Rc8 24. Nf4 Ne8 25. Rxc8 Bxc8 26. Rc1 Ba6 27. b4
Bf8 28. Bxf8 Kxf8 29. a4 Ke7 30. d6+ Kd8 31. Nd5 Nxd6 32. Nc7 Bb7 33. Nb5 Nxb5
34. Bxb7 Nd6 35. Bd5 Re7 36. f4 Re3 37. a5 bxa5 38. bxa5 Ra3 39. Rc5 Ne4 40.
Rb5 Nc3 41. Rb8+ Ke7 42. Bf3 Rxa5 43. Rh8 h5 44. Rh7+ Kf6 45. Rxd7 Ra1+ 46. Kf2
a5 47. Rc7 Ra3 48. Rc6+ Kg7 49. Rc7+ Kh6 50. Rc4 h4 51. Bc6 Nd1+ 52. Ke2 Rc3
53. Rd4 Rxc6 54. Kxd1 Rb6 55. Ra4 Rb2 56. Rxa5 Rxg2 57. Ra8 Kg7 58. Ra7+ Kg8
59. Ra8+ Kf7 60. Rh8 Ke6 61. Ke1 Kd5 62. Kf1 Rg3 63. Rxh4 Ke4 64. Kf2 Rf3+ 65.
Kg2 Rxf4 66. Rh6 g5 67. Rg6 g4 68. hxg4 Rxg4+ 1/2-1/2

[Event "V Open A"]
[Site "Genova ITA"]
[Date "2001.08.08"]
[Round "5"]
[White "Scalcione, Michelangelo"]
[Black "Di Paolo, Raffaele"]
[Result "0-1"]
[WhiteElo "2249"]
[BlackElo "2312"]
[PlyCount "58"]
[EventDate "2001.08.05"]

1. Nf3 d6 2. d4 Nf6 3. c4 g6 4. Nc3 Bg7 5. e4 O-O 6. Be2 e5 7. O-O Nc6 8. d5
Ne7 9. b4 a5 10. bxa5 Nh5 11. g3 f5 12. Ng5 Nf6 13. f3 Rxa5 14. a4 c5 15. Rb1
Ra6 16. Qb3 f4 17. g4 h5 18. h3 Nh7 19. Ne6 Bxe6 20. dxe6 Nc6 21. Bd2 Qh4 22.
Be1 Qxh3 23. Rf2 Nd4 24. Qxb7 Ng5 25. Qxa6 hxg4 26. Rb2 g3 27. Rg2 Ndxf3+ 28.
Bxf3 Nxf3+ 29. Kf1 Qh1+ 0-1

[Event "V Open A"]
[Site "Genova ITA"]
[Date "2001.08.08"]
[Round "5"]
[White "Abd El Gawad, Shaban"]
[Black "Sbarra, Marco"]
[Result "1/2-1/2"]
[WhiteElo "2051"]
[BlackElo "2305"]
[PlyCount "51"]
[EventDate "2001.08.05"]

1. d4 d5 2. Bg5 c6 3. c3 Qb6 4. Qc1 Bf5 5. Nd2 Nd7 6. Ngf3 h6 7. Bh4 Ngf6 8. h3
e6 9. g4 Bh7 10. Bg3 Ne4 11. Nxe4 Bxe4 12. Bg2 c5 13. e3 Qa6 14. Bf1 c4 15. Be2
Bd6 16. Rg1 Bxg3 17. Rxg3 Qd6 18. Nd2 Nf6 19. Nxe4 Nxe4 20. Rg2 Qe7 21. Qc2 Nd6
22. O-O-O b5 23. Rdg1 O-O-O 24. f3 g5 25. Kb1 Rdf8 26. Qd2 1/2-1/2

[Event "V Open A"]
[Site "Genova ITA"]
[Date "2001.08.09"]
[Round "6"]
[White "Ausmins, Elmar"]
[Black "Di Paolo, Raffaele"]
[Result "1-0"]
[WhiteElo "2345"]
[BlackElo "2312"]
[PlyCount "113"]
[EventDate "2001.08.05"]

1. d4 Nf6 2. c4 g6 3. Nc3 Bg7 4. e4 d6 5. Be2 O-O 6. Be3 Nbd7 7. g4 e5 8. g5
Ne8 9. d5 f5 10. h4 Nc5 11. f3 a5 12. Qc2 Bd7 13. O-O-O a4 14. Nh3 f4 15. Bg1
Rf7 16. Bf1 Bf8 17. Nf2 Ng7 18. Bh3 Nh5 19. Ng4 b6 20. Rh2 Bg7 21. Bxc5 bxc5
22. Nb1 Qb8 23. Rd3 Qb4 24. Rhd2 Ng3 25. Qc3 Qb8 26. Qc2 Qb4 27. Qc3 Qb8 28.
Qc2 Kh8 29. Rd1 Qb4 30. Nf2 Bxh3 31. Nxh3 Rff8 32. Nf2 Rfb8 33. Ra3 Qa5 34. Nd3
Qa6 35. Re1 Qc8 36. Nf2 Qd7 37. Nc3 Rb4 38. b3 Qc8 39. Rxa4 Rbxa4 40. Nxa4 Qb7
41. Nc3 Qb4 42. Nd3 Qa5 43. Kb1 Bf8 44. Nb5 Be7 45. a3 Rb8 46. Qb2 Kg8 47. Rc1
Bf8 48. Qg2 Bg7 49. Rc2 Rxb5 50. cxb5 Qxa3 51. Nc1 Qb4 52. Qh3 Qxb5 53. Qe6+
Kf8 54. Qc8+ Qe8 55. Qxc7 Qe7 56. Qb8+ Kf7 57. Ra2 1-0